| 000 | 00547naa a2200181 4500 | ||
|---|---|---|---|
| 005 | 20080924111043.0 | ||
| 008 | 080924t xxu||||| |||| 00| 0 eng d | ||
| 020 | _a9781406212518 | ||
| 037 | _bBPPD/ PUB/RaintreePublishers | ||
| 040 |
_adpl _bEnglish |
||
| 100 |
_941926 _aShelley's, Mary |
||
| 245 |
_aFrankenstein / _cby Shelley's, Mary,illu Dennis Calero |
||
| 260 |
_aUK _bRaintree Publishers _c2009 |
||
| 270 |
_a7, Pilgrim Street, _bLondon |
||
| 300 |
_a63 p. _c24 cm. (Hb.) |
||
| 700 |
_aDennis Calero _941957 |
||
| 942 |
_adpl _cEN _2ddc _mSHE |
||
| 999 |
_c62754 _d62754 |
||